Statistics for Rick and Morty Quotes

Click here to take the quiz!

General Stats

  • This quiz has been taken 1,335 times
  • The average score is 7 of 10

Answer Stats

Quote Character % Correct
I don't think we can perform our new song, The Recipe For Concentrated Dark Matter for a crowd this tiny!Rick
99%
Don't even trip about your pants, dawg. We got an extra pair right here.Morty
97%
are you hungry for apples? ARE YOU HUNGRY FOR APPLESSS!?Jerry
94%
He's not a hot girl. He can't just bail on his life and set up shop in someone else's.Beth
81%
Oh no. I'm late to class, bitch.Scary Terry
77%
Hello, Jerry, come to rub my face in urine again?Snuffles / Snowball
76%
I JUST WANNA DIE!Mr Meeseeks
62%
And also, I can't feel anything eitherAnts in My Eyes Johnson
39%
Alien Invasion Tomato Monster Mexican Armada Brothers Who Are Just Regular Brothers Running In A Van From An Asteroid And All Sorts Of Things: The MovieTwo Brothers
23%
...not MY fault this is happening.Mr. Goldenfold
22%

Score Distribution

Percentile by Number Answered

Percent of People with Each Score

Your Score History

You have not taken this quiz